| 000 | 00869nam a22002657a 4500 | ||
|---|---|---|---|
| 999 |
_c1076 _d1076 |
||
| 001 | 19220 | ||
| 003 | BD-DhUAP | ||
| 005 | 20200202145721.0 | ||
| 008 | 200202r20142003ii b 001 0 eng d | ||
| 020 | _a9780195699210 | ||
| 020 | _a0195699211 | ||
| 040 |
_aDLC _cDLC _dBD-DhUAP _bEng |
||
| 082 | 0 | 0 |
_223 _a340.5254 MEN |
| 100 | 1 |
_aMenski, Werner. _916730 |
|
| 245 | 1 | 0 |
_aHindu law : _bbeyond tradition and modernity / _cWerner Menski. |
| 260 |
_aNew Delhi ; _bOxford University Press, _cc2003 [Reprinted 2014]. |
||
| 300 |
_axxii, 648 pages ; _c24 cm. |
||
| 504 | _aIncludes bibliographical references (p. [610]-639) and index. | ||
| 650 | 0 |
_aHindus _xLegal status, laws, etc. _zIndia. _916731 |
|
| 650 | 0 |
_aCivil law _zIndia. _916732 |
|
| 650 | 0 |
_aHindu law _xHistory. _916733 |
|
| 942 |
_2ddc _cBK |
||